000
00317nam a2200109Ia 4500
008
160609s9999 xx 000 0 und d
100
_a
Salomon, Eve.
245
_a
Guidelines for broadcasting regulation
245
_c
Eve Salomon
260
_c
2008
856
_u
http://unesdoc.unesco.org/images/0018/001832/183285e.pdf
999
_c
295698
_d
295698